Normal view MARC view

Entry Personal Name

Number of records used in: 40

001 - CONTROL NUMBER

  • control field: 9426

003 - CONTROL NUMBER IDENTIFIER

  • control field: DLC

005 - DATE AND TIME OF LATEST TRANSACTION

  • control field: 20260305114704.0

008 - FIXED-LENGTH DATA ELEMENTS

  • fixed length control field: 810114n| azannaabn |a aaa

010 ## - LIBRARY OF CONGRESS CONTROL NUMBER

  • LC control number: n 50078853

035 ## - SYSTEM CONTROL NUMBER

  • System control number: (OCoLC)oca00112481

040 ## - CATALOGING SOURCE

  • Original cataloging agency: DLC
  • Language of cataloging: eng
  • Description conventions: rda
  • Transcribing agency: DLC
  • Modifying agency: DLC
  • Modifying agency: DLC-ON
  • Modifying agency: OCoLC
  • Modifying agency: CU-SB
  • Modifying agency: DLC
  • Modifying agency: UkCU
  • Modifying agency: DLC

046 ## - SPECIAL CODED DATES

  • Birth date: 1933-07-15
  • Source of date scheme: edtf

053 #0 - LC CLASSIFICATION NUMBER

  • Classification number element--single number or beginning number of span: PL4718.9.V32

100 1# - HEADING--PERSONAL NAME

  • Personal name: Vāsudēvan Nāyar, Eṃ. Ti.,
  • Dates associated with a name: 1933-

370 ## - ASSOCIATED PLACE

  • Place of birth: Koodalloor (India)

372 ## - FIELD OF ACTIVITY

  • Field of activity: Literature
  • Field of activity: Motion pictures
  • Source of term: lcsh

374 ## - OCCUPATION

  • Occupation: Motion picture directors
  • Source of term: lcdgt

374 ## - OCCUPATION

  • Occupation: Authors
  • Source of term: lcsh

375 ## - GENDER

  • Gender: Males
  • Source of term: lcdgt

377 ## - ASSOCIATED LANGUAGE

  • Language code: mal
  • Language code: eng

400 1# - SEE FROM TRACING--PERSONAL NAME

  • Control subfield: nnea
  • Personal name: Vasudevan Nair, M. T.,
  • Dates associated with a name: 1934-

400 0# - SEE FROM TRACING--PERSONAL NAME

  • Personal name: Eṃ. Ṭi.,
  • Dates associated with a name: 1933-

400 0# - SEE FROM TRACING--PERSONAL NAME

  • Personal name: M.T.,
  • Dates associated with a name: 1933-

400 1# - SEE FROM TRACING--PERSONAL NAME

  • Personal name: Nair, M. T. Vasudevan,
  • Dates associated with a name: 1933-

400 1# - SEE FROM TRACING--PERSONAL NAME

  • Personal name: Nāyar, Eṃ. Ṭi. Vāsudēvan,
  • Dates associated with a name: 1933-

400 1# - SEE FROM TRACING--PERSONAL NAME

  • Personal name: Nāyar, M. T. Vāsudēvan,
  • Dates associated with a name: 1933-

400 1# - SEE FROM TRACING--PERSONAL NAME

  • Personal name: Nāyara, Ema. Ṭī. Vāsudevana,
  • Dates associated with a name: 1933-

400 1# - SEE FROM TRACING--PERSONAL NAME

  • Personal name: T., M.,
  • Dates associated with a name: 1933-

400 1# - SEE FROM TRACING--PERSONAL NAME

  • Personal name: Ṭi., Eṃ.,
  • Dates associated with a name: 1933-

400 1# - SEE FROM TRACING--PERSONAL NAME

  • Personal name: Vāsudēvan Nāyar, M. T.,
  • Dates associated with a name: 1933-

400 1# - SEE FROM TRACING--PERSONAL NAME

  • Personal name: Vāsudevana Nāyara, Ema. Ṭī.,
  • Dates associated with a name: 1933-

400 1# - SEE FROM TRACING--PERSONAL NAME

  • Personal name: Vāsudēvannāyar, Eṃ. Ṭi.,
  • Dates associated with a name: 1933-

670 ## - SOURCE DATA FOUND

  • Source citation: Author's Asuravittȧ, 1962.

670 ## - SOURCE DATA FOUND

  • Source citation: His Gōpuranaṭayil, 1980:
  • Information found: t.p. (Eṃ. Ṭi. Vāsudēvannāyar)

670 ## - SOURCE DATA FOUND

  • Source citation: His Kiḷivātililūṭe, 1992:
  • Information found: t.p. (Eṃ. Ṭi. Vāsudēvan Nāyar) cover (Eṃ. Ṭi.)

670 ## - SOURCE DATA FOUND

  • Source citation: Kālam, 1998:
  • Information found: t.p. (Ema. Ṭī. Vāsudenana Nāyar) jkt. (grad. fr. Victoria Coll., Palghat; asso. with Mathrubhumi Publishers at Calicut, India)

670 ## - SOURCE DATA FOUND

  • Source citation: Dūsarī bārī, 1999:
  • Information found: t.p. (Ema. Ṭī. Vāsudevana Nāyara)

670 ## - SOURCE DATA FOUND

  • Source citation: MT, the filmmaker, 1999

670 ## - SOURCE DATA FOUND

  • Source citation: Śaitāna kī aulāda, 2009:
  • Information found: p. 4 of cover (b. July 15, 1933)

670 ## - SOURCE DATA FOUND

  • Source citation: Kālattint̲e Nālukeṭṭ, 2013:
  • Information found: p. 4 of cover (Eṃ. Ṭi. Vāsudēvan Nāyar)

670 ## - SOURCE DATA FOUND

  • Source citation: Home page of M.T. Vasudevan Nair, July 20, 2016
  • Information found: (M. T. Vasudevan Nair, one of the most respected Indian writers today, was born on 15th july 1933 in Kudallur, a small village in Palakkad district, Kerala; a master storyteller, M.T made his way up to be honored with the highest literary award the nation confers on a writer, the Jnanpith in 1995; Malayalam screenwriter and film director)
  • Uniform Resource Identifier: http://www.mtvasudevannair.com/

Powered by Koha